00942nam a2200205Ia 4500999001500000003000900015005001700024008004100041040002800082090002100110110006300131245003700194260008100231300004600312504002400358650004400382942001200426952014900438952014900587 c2781d2781DO-SdBJH20180418021353.0180414s9999 dr 000 0 spa d aDO-SdBJHbspacDO-SdBJH aDM ST 101-6 1991 aInstituto de Cooperación para la Seguridad Hemisférica10a101-6 Mamual de batalla G-1 / G4 aFuerte Benning, Georgia : Cuartel General Secretaría del Ejército, 1991 aiii, 147 páginas en varias paginacioneS aIncluye apéndices 4aBatalla -- Apoyo de servicio -- Combate 2ddccBK 00102ddc40708DMaBEGEMbBEGEMcGENd2018-04-14i18-EERD-01309l0oDM ST 101-6 1991p18-EERD-01309r2018-04-14 00:00:00tEj.1w2018-04-14yBK 00102ddc40708DMaBEGEMbBEGEMcGENd2018-04-14i18-EERD-01310l0oDM ST 101-6 1991p18-EERD-01310r2018-04-14 00:00:00tEj.2w2018-04-14yBK